000 00571nmm a2200193Ia 4500
008 251105s9999||||xx |||||||||||||||||und||
020 _a9788493501860
041 _aspa
100 _aChaves Nogales, Manuel
245 0 _aEl maestro Juan Martínez que estaba allí
264 _a[Madrid, España] :
_bLibros del asteroide,
_c2013
300 _a320 páginas
490 _aLibros del Asteroide
650 _aBiography
700 _aChaves Nogales, Manuel
700 1 _a Trapiello, Andrés
856 _uhttps://public.digitaliapublishing.com/a/33470
942 _cCF
999 _c63933
_d63933